000 00997cam a22003017a 4500
003 CHAP
005 20220329134701.0
008 971013s1975 enka r 00010 eng d
010 _a24163
011 _a25135
035 _a29235
040 _cCHAP
082 0 4 _a636.08
_bH34 1975
100 0 0 _aHafez, E. S. E.
_eed.
_952206
245 1 4 _aThe behaviour of domestic animals
250 _a3 ed.
260 _aLondon :
_bBailliere Tindall,
_c1975
300 _a532 p.
_b: ilus. ; láms.
590 _aBATCH-UPD
_b10
_c20130110
_lUCH01
_h1835
590 _aBATCH-UPD
_b10
_c20130410
_lUCH01
_h1207
590 _aCONVERSION
_b10
_c20130109
_lUCH01
_h1314
650 1 4 _aAnimales domesticos
_xHabitos y conducta.
_95906
901 _aBK
942 _cLIBRO
949 _a636.08 H34 1975
_bBC
_cLIBRO
_d-67438
_eLIBRO
_fc.2
_h40431
_i29235
_si
949 _a636.08 H34 1975
_bBC
_cLIBRO
_d33724000259016
_eLIBRO
_h40430
_i29235
_si
949 _a636.08 H34 1975
_bBC
_cLIBRO
_d33724000259024
_eLIBRO
_fc.3
_h46568
_i29235
_si
999 _c24163
_d24163